000 00352nam a2200133Ia 4500
005 20251222141835.0
008 251222s9999||||xx |||||||||||||| ||spa||
082 _a616.7/R76
100 _aRodríguez de la Serna, A.
245 0 _aBases Médico-Quirúrgicas de la Enfermedades del Aparato Locomotor
250 _a1ra.ed.
264 _bMRA
942 _cLIB
999 _c7223
_d7223